000 00739nam a2200265Ia 4500
005 20260302114822.0
008 008 260114s9999 xx 000 0 eng d
020 _a9781350165984
037 _aTextbook
040 _aCRL
040 _beng
040 _cCRL
041 _2eng
041 _aeng
084 _qCRL
100 _aMarc Farrant, Kai Easton and Hermann Witternberg
_91119858
245 0 _aJ.M. Coetzee and the Archive Fiction, Theory, and Autobiography
260 _bBloomsbury
260 _bBloomsbury Academic
260 _c2021
650 _aLiterary Studies
856 _uhttps://doi.org/10.5040/9781350165984?locatt=label:secondary_bloomsburyCollections
942 _cEBOOK
999 _c1683950
_d1683950